New England and the Maritime provinces (Record no. 140752)
[ view plain ]
| 000 -LEADER | |
|---|---|
| fixed length control field | 01911nam a2200493 a 4500 |
| 082 04 - DEWEY DECIMAL CLASSIFICATION NUMBER | |
| Classification number | 971.505 |
| 245 00 - TITLE STATEMENT | |
| Title | New England and the Maritime provinces |
| 260 ## - PUBLICATION, DISTRIBUTION, ETC. (IMPRINT) | |
| Place of publication | Montreal ; |
| -- | Ithaca : |
| Name of publisher | McGill-Queen's University Press, |
| Year of publication | c2005. |
| 300 ## - PHYSICAL DESCRIPTION | |
| Number of Pages | xii, 411 p. : |
| Other physical details | ill., maps. |
| 700 1# - ADDED ENTRY--PERSONAL NAME | |
| Personal name | Hornsby, Stephen, |
| Personal name | Reid, John G., |
| 856 40 - ELECTRONIC LOCATION AND ACCESS | |
| Uniform Resource Identifier | http://site.ebrary.com/lib/rucke/Doc?id=10178232 |
No items available.
